Rizika bank plynoucí z poskytnutých bankových záruk
Ekonomická podstata bankových záruk. Vývoj poskytnutých bankových záruk v Českej republike. Riadenie rizík plyúcich z bankových záruk v Českej republike. Interné predpisy a metódy komerčných bánk pri riadení rizík plynúcich z poskytnutých bankových záruk.
Gespeichert in:
| 1. Verfasser: | |
|---|---|
| Format: | Buchkapitel |
| Sprache: | Tschechisch |
| Schlagworte: | |
| Tags: |
Keine Tags, Fügen Sie das erste Tag hinzu!
|
MARC
| LEADER | 00000naa$a2200000$$$4500 | ||
|---|---|---|---|
| 001 | 0099156 | ||
| 005 | 20231107075129.1 | ||
| 041 | 0 | |a cze | |
| 044 | |a SK | ||
| 245 | 1 | 0 | |a Rizika bank plynoucí z poskytnutých bankových záruk |c Veronika Bučková |
| 520 | |a Ekonomická podstata bankových záruk. Vývoj poskytnutých bankových záruk v Českej republike. Riadenie rizík plyúcich z bankových záruk v Českej republike. Interné predpisy a metódy komerčných bánk pri riadení rizík plynúcich z poskytnutých bankových záruk. | ||
| 610 | 2 | 0 | |a riziko bankové |
| 610 | 2 | 0 | |a Česko |
| 610 | 2 | 0 | |a legislatíva |
| 610 | 2 | 0 | |a riadenie rizík |
| 610 | 2 | 0 | |a bankovníctvo |
| 100 | 1 | |a Bučková, Veronika | |